Statistics for Word that Comes Before #3

Click here to take the quiz!

General Stats

  • This quiz has been taken 7,558 times
  • The average score is 13 of 21

Answer Stats

Word Precedes These % Correct
GrandTheft, Slam, Prix
93%
BigBang, Foot, Kahuna
80%
ColdTurkey, War, Fusion
78%
SpanishMoss, Flu, Inquistion
78%
PowerOutage, Nap, Ranger
76%
SkiSlope, Lift, Goggles
76%
LaserPointer, Tag, Printer
75%
ElectricSlide, Car, Eel
75%
HotChocolate, Tub, Rod
75%
UpperDeck, Class, Lip
71%
StreetSmart, Sweeper, Urchin
66%
TreeHouse, Frog, Hugger
64%
EarlyRiser, Bird, Warning
61%
PigLatin, Iron, Pen
60%
DirtBike, Cheap, Road
57%
StripMall, Mine, Poker
48%
GoldenParachute, Ticket, Ratio
41%
SideStitch, Effect, Burns
37%
BeerGarden, Goggles, Can
34%
SandBox, Dollar, Storm
30%
WetBlanket, Burrito, Paint
25%

Score Distribution

Percentile by Number Answered

Percent of People with Each Score

Your Score History

You have not taken this quiz